000 00477nmm a2200169Ia 4500
008 251105s9999||||xx |||||||||||||||||und||
020 _a9788498654219
041 _aglg
100 _aNeira Vilas, Xosé
245 0 _aEsperando o leiteiro
264 _a[Madrid, España] :
_bEditorial Galaxia,
_c2012
300 _a112 páginas
490 _aBiblioteca Neira Vilas
650 _aSpanish narrative
856 _uhttps://public.digitaliapublishing.com/a/84984
942 _cCF
999 _c91987
_d91987